Advanced Calculus with Applications in Statistics

Αποθηκεύτηκε σε:
Λεπτομέρειες βιβλιογραφικής εγγραφής
Κύριος συγγραφέας: Khuri, Andre I. 1940-
Μορφή: Βιβλίο
Γλώσσα:English
Δημοσίευση: New York : John Wiley, c1993
Σειρά:Wiley series in probability and mathematical statistics. Applied probability and statistics
Θέματα:
Ετικέτες: Προσθήκη ετικέτας
Δεν υπάρχουν, Καταχωρήστε ετικέτα πρώτοι!

MARC

LEADER 00000nam a2200000 i 4500
001 1/58914
008 960118s1993 eng d
020 |a 0-471-53459-5 
035 |a 1995  |c ΠΑΥΛΟΠΟΥΛΟΣ  |l 10045991 
040 |a GR-MY-UA  |b gre  |e aacr 
041 0 |a eng 
082 0 |a 515 
100 1 |a Khuri, Andre I.  |d 1940- 
245 1 0 |a Advanced Calculus with Applications in Statistics /  |c Andre I. Khuri 
260 |a New York :   |b John Wiley,   |c c1993 
300 |a 466 p.;  |c 24 cm.+ 
490 1 |a Wiley series in probability and mathematical statistics. Applied probability and statistics 
500 |a "A Wiley-Interscience publication." 
504 |a Includes bibliographical references and index 
650 0 0 |a Calculus. 
650 0 0 |a Mathematical statistics. 
830 0 |a Wiley series in probability and mathematical statistics. Applied probability and statistics 
852 |a INST  |b CHIOS  |e 19960201  |h 515 KHU  |p 005200004005  |q 005200004005  |t BK  |y 0 
852 |a INST  |b SAMOS  |e 19960118  |h 515 KHU  |p 005300004890  |q 005300004890  |t BK  |y 0 
909 |a Σ  |b 040972 
909 |a Χ  |b 037464